| 000 | 00372nam a2200145Ia 4500 | ||
|---|---|---|---|
| 001 | 4507 | ||
| 008 | 241024s9999 xx 000 0 und d | ||
| 020 | _a78-9945-8912-8-7 | ||
| 082 | _aRD/860/C216t/2016 | ||
| 100 | _aBruno Rosario Candelier | ||
| 245 | 0 | _aLa trayectoria literaria | |
| 260 |
_bEditora Judicial _c2016 |
||
| 901 | _a25/10/2016 12:06:07 p.m. | ||
| 999 |
_c7912 _d7912 |
||